00750nam a22001815i 4500001000700000003000900007005001700016008004100033040002000074100002900094245008500123250003900208260010600247300002700353500009500380650002700475852006600502155237ES-MaACL20250823021527.0040716s1877 sp |||| | spa d aCAM bspa cCAM1 aHenao y Muñoz, Manuel.13aLa luz de la infancia b: libro para los niños / cpor Manuel Henao y Muñoz. a4ª ed. corr. y aum. por el autor. aMadrid : bLibrería de Hernando, c1877 (fImp. que fué de Alhambra, hoy á cargo de I. Morales) a155, [4] p. ; c15 cm. aObra declarada de texto para las escuelas del reino por Real Orden de 24 de marzo de 1866. 7aMoral cristiana2embne aES-MaACLjT-292-F-2 z-- Enc. hol., falto de la cub. original